000 00356nam a2200121Ia 4500
008 230907s9999||||xx |||||||||||||| ||und||
082 _a621.042,DAR
100 _aDa Rosa, Aldo Vieira.
245 0 _aFundamentals of renewable energy processes /
260 _aElsevier Academic Press,
_bAmsterdam ; | Boston :
_c2005
300 _axvii, 689p.:
942 _cBK
999 _c597447
_d597447